00467 2200193 4500001002100000005001500021008004100036020002200077035001900099041000700118082001100125090001600136100001600152245001700168260002700185300003000212500001000242650002100252INLIS00000000000402520241224112831241224||||||||| | ||| |||| || |  a978-602-1645-05-5 0010-1224004025 aid0 a808..3 a808.3 MER m0 aMade Mertha00aMeniti Kabut bMitra Gama Widyac2013 avii,103 hlm.:ilus.;20 cm. aCet.3 0aImu Kesusastraan